Steve Jobs
Enregistré dans:
| Auteur principal: | |
|---|---|
| Autres auteurs: | |
| Format: | Livre |
| Langue: | slovaque |
| Publié: |
Bratislava
Eastone Books
2011
|
| Édition: | zrevidované a opravené vydanie (2022) |
| Sujets: | |
| Tags: |
Pas de tags, Soyez le premier à ajouter un tag!
|
MARC
| LEADER | 00000nam a2200000 4500 | ||
|---|---|---|---|
| 001 | 0280211 | ||
| 005 | 20240416113605.7 | ||
| 020 | |a 978-80-8109-194-0 | ||
| 041 | 0 | |a slo | |
| 044 | |a SK | ||
| 245 | 1 | 0 | |a Steve Jobs |c Walter Isaacson ; preklad: Stanislav Petruš |
| 250 | |a zrevidované a opravené vydanie (2022) | ||
| 264 | 1 | |a Bratislava |b Eastone Books |c 2011 | |
| 300 | |a 554 s. | ||
| 610 | 2 | 0 | |a osobnosť |
| 610 | 2 | 0 | |a vynálezcovia |
| 610 | 2 | 0 | |a podnikatelia |
| 610 | 2 | 0 | |a manažéri |
| 610 | 2 | 0 | |a značky výrobkov |
| 610 | 2 | 0 | |a meno obchodné |
| 610 | 2 | 0 | |a technológie informačné |
| 610 | 2 | 0 | |a technológie inteligentné |
| 610 | 2 | 0 | |a technológie komunikačné |
| 610 | 2 | 0 | |a technológie nové |
| 610 | 2 | 0 | |a softvér |
| 610 | 2 | 0 | |a hardvér |
| 610 | 2 | 0 | |a technika digitálna |
| 610 | 2 | 0 | |a životopisy |
| 100 | 1 | |a Isaacson, Walter | |
| 700 | 1 | |a Petruš, Stanislav | |